| 000 | 00827nas a2200253 4500 | ||
|---|---|---|---|
| 001 | BR2014007170 | ||
| 003 | BR-BrBNA | ||
| 005 | 20231205124722.0 | ||
| 007 | ta | ||
| 008 | 230509b bl.|||p| |||| 00| 00por d | ||
| 040 |
_aBR-BrBNA _bpor _cBiblioteca Nacional de Agricultura |
||
| 041 | _a(Pt) | ||
| 072 | _aQ03 | ||
| 100 | 1 | _aAuricchio, M.T. | |
| 100 | 1 | _aBugno, A. | |
| 100 | 1 | _aAlmodóvar, A.A.B. | |
| 245 | 1 | _aAvaliação da atividade antimicrobiana de preparações de própolis comercializadas na cidade de São Paulo | |
| 650 | _aPRÓPOLIS | ||
| 650 | _aCOMPOSIÇÃO QUÍMICA | ||
| 650 | _aCONTROLE DE QUALIDADE | ||
| 773 | 0 |
_tRevista do Instituto Adolfo Lutz (Brazil) _xISSN 0073-9855 _g(Sep-Dec 2006), v. 65(3) p. 209-212 _wBR2014007170 |
|
| 909 |
_a202311 _bLúcia _c55 _dLúcia Elande |
||
| 942 |
_2AGRIS _n0 _cANA |
||
| 999 |
_c240548 _d240548 |
||